ბათუმის შოთა რუსთაველის სახელმწიფო უნივერსიტეტის ბიბლიოთეკა

Биоорганическая химия. (ბიბ.ჩანაწერი № 35250)

000 -LEADER
fixed length control field 00608nam a2200229Ia 4500
001 - CONTROL NUMBER
control field 1098
003 - CONTROL NUMBER IDENTIFIER
control field GE_BSU
008 - FIXED-LENGTH DATA ELEMENTS--GENERAL INFORMATION
fixed length control field 181216s||||||||xx |||||||||||||| ||und||
020 ## - INTERNATIONAL STANDARD BOOK NUMBER
International Standard Book Number 9785970417737
040 ## - CATALOGING SOURCE
Transcribing agency GE_BSU
080 ## - UNIVERSAL DECIMAL CLASSIFICATION NUMBER
Universal Decimal Classification number 577.1(075.8)
100 ## - MAIN ENTRY--PERSONAL NAME
Personal name Тюкавкина,Н.А. Бауков, Ю.И. Зурабян,С.Э.
245 ## - TITLE STATEMENT
Title Биоорганическая химия.
245 ## - TITLE STATEMENT
Remainder of title Учебник
260 ## - PUBLICATION, DISTRIBUTION, ETC.
Place of publication, distribution, etc. Москва
260 ## - PUBLICATION, DISTRIBUTION, ETC.
Name of publisher, distributor, etc. Геотар
260 ## - PUBLICATION, DISTRIBUTION, ETC.
Date of publication, distribution, etc. 2011
300 ## - PHYSICAL DESCRIPTION
Extent 416стр.
653 ## - INDEX TERM--UNCONTROLLED
Uncontrolled term Биоорганическая химия.
942 ## - ADDED ENTRY ELEMENTS (KOHA)
Koha item type წიგნი
ეგზემპლარები
Withdrawn status Lost status Damaged status Not for loan Date acquired Barcode Date last seen Price effective from Koha item type Public note
        2018-12-17 2444 2018-12-17 2018-12-17 წიგნი დარბაზი